01253nam a2200313 i 4500001000300000245028600003246003600289260003100325300005200356650001300408651002100421655002600442655000900468700004100477700003000518700003300548700003300581700002400614700002900638700003000667020003200697020002500729040000800754041000800762044000800770080002200778008004100800856009800841bg10aIlustrowany atlas historii Polski.nT. 5,pOkres II wojny światowej /c[red. atlasu Witold Sienkiewicz, Elżbieta Olczak ; oprac. tekstów do map Konrad Banach, Jacek Chachaj, Witold Sienkiewicz ; oprac graf. i komputerowe map Kamila Kuna, Renata Laskowska, Katarzyna Wlazło].3 iOkres drugiej wojny światowej aWarszawa :bDemart,c2007. a1 atlas (119 s.) :bil. (gł. kolor.) ;c31 cm. 9aHistoria 9aPolskaxhistoria aWydawnictwa popularne aMapy1 aSienkiewicz, Witoldd(1953- ).eRed.1 aOlczak, Elżbieta.eRed.1 aBanach, Konrad.eAut. tekstu1 aChachaj, Jacek.eAut. tekstu1 aKuna, Kamila.eRed.1 aLaskowska, Renata.eRed.1 aWlazło, Katarzyna.eRed. a9788374272858 (całość) a9788374272902 (T. 5) cBPK apol aPOL a94(438)(02.025.2) s pl f |000 0 pol  uhttp://koha.tu.koszalin.pl/cgi-bin/koha/opac-detail.pl?biblionumber=55487yKatalog online BPK